<?xml version="1.0" encoding="UTF-8"?>
<collection xmlns:xsi="http://www.w3.org/2001/XMLSchema-instance" xsi:schemaLocation="http://www.loc.gov/MARC21/slim http://www.loc.gov/standards/marcxml/schema/MARC21slim.xsd" xmlns="http://www.loc.gov/MARC21/slim">
 <record>
  <leader>00000cam a22000003i 4500</leader>
  <controlfield tag="001">UP-1685594773861544421</controlfield>
  <controlfield tag="003">Buklod</controlfield>
  <controlfield tag="005">20240424162650.0</controlfield>
  <controlfield tag="006">j|||||||||||||| | </controlfield>
  <controlfield tag="007">ta</controlfield>
  <controlfield tag="008">160201t19861983enka    rb   |001 0|eng d</controlfield>
  <datafield tag="035" ind1=" " ind2=" ">
   <subfield code="a">(iLib)UPBAG-00002409320</subfield>
  </datafield>
  <datafield tag="037" ind1=" " ind2=" ">
   <subfield code="a">GRC-322</subfield>
   <subfield code="c">Gift-Bridge to Asia Php25.00</subfield>
  </datafield>
  <datafield tag="040" ind1=" " ind2=" ">
   <subfield code="a">DLC</subfield>
   <subfield code="d">BAG</subfield>
   <subfield code="e">rda</subfield>
  </datafield>
  <datafield tag="041" ind1="0" ind2=" ">
   <subfield code="a">eng</subfield>
  </datafield>
  <datafield tag="090" ind1=" " ind2="0">
   <subfield code="a">HD 31</subfield>
   <subfield code="b">C634 1986</subfield>
  </datafield>
  <datafield tag="245" ind1="1" ind2="4">
   <subfield code="a">The Complete manager</subfield>
   <subfield code="c">edited by Dennis Lock and Negel Farrow.</subfield>
  </datafield>
  <datafield tag="250" ind1=" " ind2=" ">
   <subfield code="a">Abridged paperback ed. with revisions.</subfield>
  </datafield>
  <datafield tag="264" ind1=" " ind2="1">
   <subfield code="a">Hampshire, England</subfield>
   <subfield code="b">Willwood House</subfield>
   <subfield code="c">1986,©1983.</subfield>
  </datafield>
  <datafield tag="300" ind1=" " ind2=" ">
   <subfield code="a">xx, 626 pages</subfield>
   <subfield code="b">illustrations</subfield>
   <subfield code="c">23 cm</subfield>
  </datafield>
  <datafield tag="500" ind1=" " ind2=" ">
   <subfield code="a">Abridged ed. of: The Gower handbook of management. 1986.</subfield>
  </datafield>
  <datafield tag="500" ind1=" " ind2=" ">
   <subfield code="a">First published in 1983 as: The Gower Handbook of Management.</subfield>
  </datafield>
  <datafield tag="500" ind1=" " ind2=" ">
   <subfield code="a">On Cover : The indispensable, bumper compendium of management.</subfield>
  </datafield>
  <datafield tag="504" ind1=" " ind2=" ">
   <subfield code="a">Includes bibliographical references.</subfield>
  </datafield>
  <datafield tag="505" ind1="0" ind2="0">
   <subfield code="a">Principles of Management / Philip Sadler -- Sources of finance / Stephen Badger -- The annual accounts / W. P. Ridley -- Budgetary control / Alan R. Leaper -- Managing working capital / Leon Simons -- Cost Accounting / R. M. S. Wilson -- Marketing planning / John Stapleton -- Market research / Colin McDonal -- Advertising / John Hobson -- Sales promotion / Christian Petersen -- Pricing / Bryan Atkin -- Distribution channels / Jack Wheatley -- Managing a sales force / M. T. Wilson -- Procurement policy / Peter Baily -- Purchasing procedures / Peter Baily -- Planning for production / J. Mapes and C. C. New -- Production control / Peter Jackson -- Quality Control / David Desmond -- Maintenance / E. N. White -- Company law / F. W. Rose -- Office services / R.S. Henderson -- Managing information / R. E. Wiggins -- Managing the electronic office / Ted Bennett and Garfield Collins -- Warehouse operation and management / Ken Firth -- Recruitment and selection / P.T. Humphrey -- Salary Management / Irene Innes -- Wage Management / Irene Innes -- Working conditions / Patricia George -- Industrial training / Derek Torrington -- Employee relations / Derek Torrington and J. L. Cookson -- Redundancy and Redeployment -- Management self-development / Michael Williams -- Career planning / Michael Williams -- Personal organisation / A. N. Welsh -- Negotiating / Bill Scott -- Effective Communication / Gordon Bell.</subfield>
  </datafield>
  <datafield tag="650" ind1=" " ind2="0">
   <subfield code="a">Management.</subfield>
  </datafield>
  <datafield tag="700" ind1="1" ind2=" ">
   <subfield code="a">Lock, Dennis</subfield>
   <subfield code="e">author.</subfield>
  </datafield>
  <datafield tag="700" ind1="1" ind2=" ">
   <subfield code="a">Farrow, Negel</subfield>
   <subfield code="e">author.</subfield>
  </datafield>
  <datafield tag="905" ind1=" " ind2=" ">
   <subfield code="a">FO</subfield>
  </datafield>
  <datafield tag="852" ind1="0" ind2=" ">
   <subfield code="a">UPBAG</subfield>
   <subfield code="b">GRC</subfield>
   <subfield code="h">HD 31 C634 1986</subfield>
  </datafield>
  <datafield tag="942" ind1=" " ind2=" ">
   <subfield code="a">Book</subfield>
  </datafield>
 </record>
</collection>
